000 00530nam a2200193Ia 4500
005 20250326142346.0
008 250326s9999 xx 000 0 und d
020 _a0-07-460290-X
037 _aTextbook
040 _aFMSL
_beng
_cFMSL
041 _aeng
_2eng
084 _aX:8D N1
_qFMSL
100 _aPandey I M
245 0 _aCases in ficial management
_cPandey I M; Bhat R
260 _aNew Delhi
_bNew Delhi, Tata McGraw Hill
_c1991
300 _axiv,387
942 _cTB
_hX:8D N1
999 _c1294644
_d1294644